Państwa Imperium Macedońskiego - Statystyki

Ogólne statystyki
  • Ten quiz został rozwiązany 338 razy
  • Średni wynik to 10 z 13
Statystyki odpowiedzi
0 Odpowiedź % Poprawnych
1 Grecja
99%
6 Turcja
97%
2 Macedonia Północna
90%
10 Irak
88%
11 Iran
88%
3 Bułgaria
87%
8 Syria
85%
7 Izrael
72%
9 Pakistan
71%
5 Serbia
71%
13 Armenia
67%
4 Kosowo
67%
12 Afganistan
66%
Nie znaleziono quizów pasujących do podanych kryteriów
Rozkład punktacji
Procent ludzi z każdym wynikiem
Percentyl według liczby udzielonych odpowiedzi
Twoja historia wyników
Nie rozwiązałeś tego quizu